Statistiques concernant Une personnalité par année

Cliquez ici pour prendre le quiz!

Statistiques générales

  • Ce quiz a été pris 112 fois
  • Le résultat moyen est 37 sur 100

Statistiques - réponses

AnnéeIndiceRéponse% Correct
1900Célèbre écrivain et aviateur français, auteur du Petit PrinceAntoine de Saint-Exupéry
92%
1975Célèbre chanteur de pop espagnol, dont le père Julio était également chanteurEnrique Iglesias
73%
1957Terroriste chef du réseau Al-Qaida et initiateur des Attentats du 11 SeptembreOussama Ben Laden
72%
1935Musicien et chanteur américain surnommé The KingElvis Presley
68%
1927Célèbre dessinateur de BD français, père d'Astérix le GauloisAlbert Uderzo
67%
1984Entrepreneur américain, créateur contesté de la multinationale FacebookMark Zuckerberg
66%
1972Chanteur canadien, ancien juge de The VoicePierre "Garou" Garand
66%
1955Homme d'affaires américain, ancien patron de MicrosoftBill Gates
64%
1916Président français resté le plus longtemps au pouvoirFrançois Mitterrand
63%
1914Grand acteur français, à l'affiche de Hibernatus, Oscar et La Tentation de BarbizonLouis de Funès
63%
1977Chanteuse colombienne, interprète de Waka Waka et de ChantajeShakira Mebarak
63%
1982Célèbre basketteur français de l'ASVEL et des Spurs de San AntonioTony Parker
62%
1967Chanteur américain, leader du groupe NirvanaKurt Cobain
59%
1962Grand acteur américain, ayant joué les rôles de The Mask et de Bruce Tout PuissantJim Carrey
58%
1936Cycliste français surnommé L'Eternel Second à cause de ses classements au Tour De FranceRaymond Poulidor
58%
1978Comédien ukrainien, actuellement président du paysVolodymyr Zelensky
57%
1933Célèbre acteur français de L'As des As et de Un Singe en HiverJean-Paul Belmondo
56%
1963Célèbre journaliste sportif français spécialisé dans le football, dont le surpoids est souvent une source de blagues à son encontrePierre Ménès
56%
1905Immense philosophe français, initiateur du mouvement de l'existentialismeJean-Paul Sartre
54%
1998Célèbre footballeur français, auteur d'une formidable course en huitièmes de finale contre l'ArgentineKylian Mbappé
54%
1928Célèbre médecin et révolutionnaire argentin, participant à la libération d'une certaine île dans les CaraïbesErnesto "El Che" Guevara
53%
1951Grand chanteur, anciennement membre du groupe The PoliceGordon "Sting" Sumner
53%
1980Acteur et réalisateur français, à l'origine de la série BabysittingPhilippe Lacheau
53%
1930Grand astronaute américain de la mission Apollo 11, dont le surnom fut repris au cinéma dans Toy StoryEdwin "Buzz" Aldrin
52%
1956Célèbre tennisman suédois qui prit sa retraite à 28 ans après avoir perdu sur terre battuBjörn Borg
51%
1937Célèbre homme politique français, Premier Ministre sous Jacques ChiracLionel Jospin
50%
1976Avant-centre brésilien, passé par le PSV Eindhoven, le Real Madrid et l'AC Milan, qui a dû terminer sa carrière à cause d'une blessure au genouRonaldo Nazario
50%
1940Célèbre acteur américain, héros de la série Walker, Texas RangerChuck Norris
49%
1961Célèbre acteur américain, interprète du Dr. Dolittle et Le Flic de Beverly HillsEddie Murphy
49%
1971Chanteur portoricain, à l'origine de la fameuse chanson Un, Dos, Tres MariaRicky Martin
49%
1987Footballeur uruguayen spécialisé dans le plongeon, passé par Liverpool, le Barça et aujourd'hui l'AtléticoLuis Suarez
48%
1985Tennisman français, vice-champion olympique en double et vainqueur de la coupe Davis en 2017Jo-Wilfried Tsonga
47%
1966Ecrivaine belge, auteure de Stupeur et TremblementsAmélie Nothomb
46%
1996Rugbyman français au poste de demi de mêlée, champion d'Europe 2021 avec le Stade ToulousainAntoine Dupont
46%
1913Célèbre figure de la lutte antiségrégationniste aux USA, à l'origine du boycott des bus de MontgomeryRosa Parks
46%
1992Célèbre attaquant danois, victime d'un accident cardiaque lors d'un match de poule de l'Euro 2020Christian Eriksen
45%
1979Joueur exclu par la FFF après des propos injurieux lors de la Coupe du Monde 2010, provoquant une grève des joueursNicolas Anelka
45%
1970Célèbre tennisman américain de 1986 à 2006, au nom pourtant très frenchyAndré Agassi
43%
1959Tennisman américain réputé pour souvent casser des raquettes durant ses légendaires coups de sangJohn McEnroe
43%
1960Acteur espagnol, célèbre pour avoir joué le rôle de Zorro à HollywoodAntonio Banderas
42%
1932Cinéaste français de la Nouvelle Vague, à l'origine de Le Dernier Métro, Les Quatre Cents Coups ou La Nuit AméricaineFrançois Truffaut
41%
1917Premier homme politique américain catholique élu président des USAJohn Fitzgerald Kennedy
41%
1943Célèbre syndicaliste et homme d'Etat polonais, président de la Pologne entre 1990 et 1995Lech Walesa
41%
1919Acteur franco-italien, révélé dans Touche pas au grisbiLino Ventura
41%
1947Footballeur néerlandais de légende, devenu par la suite entraîneur du FC BarceloneJohann Cruyff
40%
1950Acteur français, récompensé pour son rôle dans Manon des Sources et Le Huitième JourDaniel Auteuil
39%
1953Acteur américano-irlandais interprète de James BondPierce Brosnan
39%
1986Footballeur espagnole, ancienne charnière centrale du Real Madrid aujourd'hui au PSGSergio Ramos
39%
1903Ecrivain belge, inventeur du personnage du Commissaire MaigretGeorges Simenon
38%
1915Célèbre acteur et metteur en scène américain, réalisateur des chefs-d'oeuvre de l'émission radiophonique de La Guerre des Mondes et de Citizen KaneOrson Welles
37%
1924Grand dessinateur de BD belge, créateur entre autres de Gaston LagaffeAndré Franquin
36%
1974Mannequin britannique de renom, souvent surnommée "La Brindille"Kate Moss
36%
1902Aviateur américain, pilote réputé du Spirit of Saint LouisCharles Lindbergh
35%
1968Cycliste français célèbre grimpeur, vainqueur de la Vuelta 1995 et depuis commentateurLaurent Jalabert
35%
1954Scénariste américain à l'origine des Simpson, dont les noms sont inspirés de sa propre familleMatt Groening
35%
1901Grand acteur américain, à l'affiche de Autant en Emporte le Vent et Les Révoltés du BountyClark Gable
33%
1952Acteur et chanteur américain révélé dans Alerte à Malibu et K2000David Hasselhoff
33%
1958Présentatrice américaine de télévision célèbre pour son talk-showEllen DeGeneres
33%
1990Célèbre cycliste slovaque, trois fois consécutivement champion du monde et maillot vert notoirePeter Sagan
32%
1944Grand architecte hongrois, célèbre pour la création en 1974 d'un cube à son nomErnö Rubik
31%
1931Ecrivain français juif auteur de Un Sac de BillesJoseph Joffo
31%
1938Ancien secrétaire général des Nations Unies ghanéen et détenteur du Prix Nobel de la Paix 2001Kofi Annan
31%
1999Demi d'ouverture français du Stade Toulousain, victorieux du Tournoi des Six Nations en 2022Romain Ntamack
31%
1991Volleyeur franco-camerounais, ayant longtemps joué réceptionneur-attaquant à ModèneEarvin Ngapeth
30%
1965Humoriste américain, source du scandale de la claque de Will SmithChris Rock
29%
1969Actrice galloise à l'affiche de plusieurs Zorro et de Haute VoltigeCatherine Zeta-Jones
27%
1904Célèbre nageur olympique et acteur, interprète de TarzanJohnny Weissmuller
27%
1995Tennisman australien, finaliste de Wimbledon en 2022 et connu pour ses services à la cuillèreNick Kyrgios
27%
1964Célèbre acteur américain, à l'affiche de Lord of War et de TokarevNicolas Cage
27%
1949Célèbre pilote de Formule 1 finlandais, victime d'un grave accident lors du Grand Prix d'Allemagne du Nordschleife en 1976Niki Lauda
27%
1981Rappeur et entrepreneur cubain également appelé Mr. Worldwide, révélé avec le titre Give Me EverythingArmando "Pitbull" Pérez
25%
1973Seul cycliste allemand à avoir gagné le Tour de France en 2022Jan Ullrich
25%
1911Célèbre pilote de Formule 1 argentin enlevé par les Cubains en 1958Juan Manuel Fangio
25%
1908Célèbre résistant tchécoslovaque, connu pour sa bonté envers durant le IIIème Reich, héros d'un film à son nom et érigé Juste Parmi les NationsOskar Schindler
24%
1989Défenseur central belge, ayant longuement évolué chez les Tottenham Hotspur, puis est parti jouer au QatarToby Alderweireld
24%
1941Musicien américain, auteur de Like a Rolling Stone et Blonde on BlondeBob Dylan
22%
1920Grand écrivain de science-fiction américaine, auteur d'une célèbre charte sur l'évolution de la technologieIsaac Asimov
22%
1907Grand chanteur français, auteur de MéditerranéeTino Rossi
22%
1918Célèbre scénariste et metteur en scène suédois notamment du Septième Sceau et de PersonaIngmar Bergman
21%
1983Footballeur franco-brésilien, ayant évolué au LOSC et à l'OL avant de retourner jouer à São PauloMichel Bastos
21%
1925Acteur et pilote automobile américain, jouant dans des films comme L'Arnaque ou Butch Cassidy et le KidPaul Newman
19%
1994Footballeuse espagnole, Ballon D'Or féminin 2021Alexia Putellas
17%
1912Peintre américain de l'expressionisme abstrait, connu pour ses toiles mouchetées de peinturesJackson Pollock
17%
1946Grand catcheur français, dont la fin de carrière et sa mort tragique marquèrent l'Histoire du sportAndré "The Giant" Roussimoff
16%
1948Cycliste français, réalisant une surprise en battant le Cannibale lors du Tour de France en 1975Bernard Thévenet
14%
1906Compositeur russe-soviétique, célèbre pour sa Symphonie n°7, composée lors du siège de LéningradDmitri Chostakovitch
13%
1945Célèbre cycliste espagnol, vainqueur du Tour de France 1973 et dont la rivalité avec Eddy Merckx resta mythiqueLuis Ocaña
13%
1929Célèbre écrivain franco-tchécoslovaque, auteur de La Vie Est Ailleurs et Les Testaments TrahisMilan Kundera
13%
1922Célèbre physicien danois, prix Nobel en 1975Aage Niels Bohr
9%
1988Champion du décathlon américain, ancien recordman avant d'être battu par Kevin MayerAshton Eaton
9%
1921Cycliste français surnommé "Tête de Cuir", vainqueur surprise du Tour de France 1947 devant Gino BartaliJean Robic
8%
1942Célèbre physicien et cosmologue britannique, dont l'un des principaux travaux est la Clé de PenroseStephen Hawking
8%
1939Journaliste français, présentateur du JT de TF1 en 1990 et 1991, responsable de l'identification du nazi Klaus Barbie, caché en BolivieLadislas de Hoyos
7%
1993Actrice américaine révélée dans le rôle de Tori Vega dans la série VictoriousVictoria Justice
5%
1997Actrice américaine, qui a notamment joué Katie Night dans la série Big Time RushCiara Bravo
4%
1923Immense aviateur américain, le premier à franchir le mur du son en 1947Chuck Yeager
3%
1926Célèbre entrepreneur suédois, créateur de la grande multinationale IKEAIngvar Kamprad
3%
1909Célèbre écrivain japonais, auteur de La Déchéance D'un HommeOsamu Dazai
2%
1910Homme d'état portugais, un des initiateurs du Coup d'Etat précédant la Révolution des Oeillets de 1974Antonio de Spinola
1%
1934Astronaute américain, le dernier à avoir posé le pied sur la Lune en 2022Eugene "Gene" Cernan
0%

Distribution des résultats

Percentile par nombre de réponses

% des personnes avec chaque résultat

Votre développement - résultats

Vous n’avez pas pris ce quiz